[Event "Chigorin Memorial 2014"]
[Site "St Petersburg RUS"]
[Date "2014.10.22"]
[Round "5.119"]
[White "Abramov, Nikita"]
[Black "Svidinsky, Dmitry"]
[Result "1/2-1/2"]
[WhiteElo "2318"]
[BlackElo "2039"]
[WhiteFideId "24198951"]
[BlackFideId "24120251"]
[EventDate "2014.10.18"]

1. e4 e5 2. Nf3 Nc6 3. Bc4 Bc5 4. c3 Nf6 5. d3 a6 6. O-O Ba7 7. Nbd2 O-O 8. h3
d6 9. Bb3 h6 10. Re1 Re8 11. Nf1 Be6 12. Bc2 d5 13. Qe2 Qd7 14. Ng3 Rad8 15. Nh2
b5 16. Qf3 Nh7 17. Nf5 Ne7 18. Nxe7+ Rxe7 19. Qg3 Kh8 20. Qxe5 Bxh3 21. Qg3 Be6
22. Bf4 c6 23. d4 dxe4 24. Rxe4 Bd5 25. Rxe7 Qxe7 26. Qd3 Nf8 27. a4 Bb8 28.
Bxb8 Rxb8 29. Qg3 Re8 30. Nf3 Qf6 31. Ne5 Ne6 32. axb5 Nf4 33. Re1 Kg8 34. Be4
axb5 35. Bxd5 Nxd5 36. Ra1 Qd6 37. Ra6 Ne7 38. Nxc6 Qxg3 39. fxg3 Nxc6 40. Rxc6
Re2 41. b4 Kf8 42. Rc7 Ke8 43. g4 g6 44. Kh2 Re3 45. Kg1 Rg3 46. Rc5 Kd7 47. Kf2
Rd3 48. Rd5+ Ke6 49. Re5+ Kd6 50. Re3 Rd2+ 51. Kf3 f6 52. Kg3 Kd5 53. Kh2 Rc2
54. Rh3 Ke6 55. Kg1 Rc1+ 56. Kh2 Rc2 57. Rxh6 Rxc3 58. Rxg6 Kf7 59. Rh6 Rc4 60.
d5 Rxg4 61. Rh7+ Kg6 62. Rb7 Rxb4 63. d6 Rd4 64. d7 b4 65. Rxb4 Rxd7 66. Rb6 1/2-1/2

[Event "Chigorin Memorial 2014"]
[Site "St Petersburg RUS"]
[Date "2014.10.22"]
[Round "5.120"]
[White "Rozhnov, Valeriy"]
[Black "Donskov, Anatoly"]
[Result "0-1"]
[BlackTitle "FM"]
[WhiteElo "2069"]
[BlackElo "2309"]
[WhiteFideId "34183784"]
[BlackFideId "24143413"]
[EventDate "2014.10.18"]

1. d4 Nf6 2. Nc3 c5 3. d5 d6 4. Bg5 g6 5. Bxf6 exf6 6. h4 Bg7 7. e3 a6 8. Qd2 b5
9. g3 f5 10. Bg2 Nd7 11. Nf3 Nb6 12. O-O Nc4 13. Qc1 Nxb2 14. Qxb2 Qa5 15. Rad1
Qxc3 16. Qxc3 Bxc3 17. Bh3 a5 18. h5 b4 19. Nd2 Kd8 20. Rfe1 Re8 21. hxg6 hxg6
22. Bf1 Ba6 23. Bxa6 Rxa6 24. Re2 Bxd2 25. Rexd2 Kc7 26. Kg2 Raa8 27. Rh1 Rh8
28. Rdd1 Kb6 29. f3 Rxh1 30. Rxh1 Kb5 31. e4 fxe4 32. fxe4 Ka4 33. Rf1 Ra7 34.
Rf3 c4 35. Rf6 Rb7 36. Rf3 c3 37. Kf2 Ka3 38. Ke3 Kxa2 39. Kd3 Kb2 0-1

[Event "Chigorin Memorial 2014"]
[Site "St Petersburg RUS"]
[Date "2014.10.22"]
[Round "5.121"]
[White "Turikov, Viktor"]
[Black "Shuster, Andrei"]
[Result "1/2-1/2"]
[WhiteTitle "FM"]
[WhiteElo "2269"]
[BlackElo "2038"]
[WhiteFideId "4107810"]
[BlackFideId "34152080"]
[EventDate "2014.10.18"]

1. d4 d5 2. Bf4 Nf6 3. Nf3 c6 4. c3 Bf5 5. Nbd2 e6 6. e3 Be7 7. h3 h6 8. Qb3 Qc8
9. Ne5 Nbd7 10. Be2 a5 11. a4 Nxe5 12. Bxe5 Bh7 13. O-O O-O 14. Rfc1 Ne4 15.
Nxe4 Bxe4 16. c4 dxc4 17. Bxc4 Bd5 18. Qc2 Bxc4 19. Qxc4 Qd7 20. Qe2 Bd6 21.
Bxd6 Qxd6 22. Rc5 b6 23. Rc4 Rfc8 24. Rac1 Rc7 25. Qc2 Rac8 26. Qb3 c5 27. Qc2
e5 28. dxe5 Qxe5 29. Rd1 Qe8 30. Qd3 Re7 31. Rg4 Re6 32. b3 Qc6 33. Rf4 Rf6 34.
Rxf6 Qxf6 35. Qd7 Qc6 36. Qf5 c4 37. Rd6 Qc5 38. Rd5 Qc6 39. Rd6 Qc5 40. Rd5 Qc6 1/2-1/2

[Event "Chigorin Memorial 2014"]
[Site "St Petersburg RUS"]
[Date "2014.10.22"]
[Round "5.122"]
[White "Gorlanov, Vladislav"]
[Black "Kamnev, Alexander"]
[Result "1-0"]
[WhiteElo "2235"]
[BlackElo "2013"]
[WhiteFideId "24121223"]
[BlackFideId "24176753"]
[EventDate "2014.10.18"]

1. c4 e6 2. Nf3 d5 3. e3 Nf6 4. Nc3 Be7 5. d4 O-O 6. Bd3 b6 7. cxd5 exd5 8. Ne5
c5 9. O-O Bb7 10. b3 Nc6 11. Ne2 Qc7 12. Bb2 h6 13. Ng3 Nd7 14. Ng4 Rfe8 15. Nf5
h5 16. Ngh6+ Kf8 17. Nxg7 Kxg7 18. Qxh5 Rg8 19. dxc5+ Bf6 20. Qxf7+ Kxh6 21.
Qh7+ Kg5 22. h4+ Kg4 23. Bf5# 1-0

[Event "Chigorin Memorial 2014"]
[Site "St Petersburg RUS"]
[Date "2014.10.22"]
[Round "5.123"]
[White "Martynyuk, Elizaveta"]
[Black "Shkurkin, Nikolai"]
[Result "1-0"]
[WhiteElo "2046"]
[BlackElo "2204"]
[WhiteFideId "24128511"]
[BlackFideId "4188306"]
[EventDate "2014.10.18"]

1. e4 c6 2. d4 d5 3. e5 Bf5 4. Nf3 e6 5. Be2 Nd7 6. O-O Ne7 7. a4 a6 8. a5 c5 9.
c4 cxd4 10. Nxd4 Bxb1 11. Rxb1 Nxe5 12. Qb3 N7c6 13. Nxc6 bxc6 14. Bf4 Bd6 15.
c5 Bc7 16. Qg3 Qf6 17. Bg5 Qg6 18. f4 h6 19. Qh3 O-O 20. Be7 Rfe8 21. Bd6 Bxd6
22. cxd6 Nd7 23. Bd3 Qf6 24. b4 Qd4+ 25. Kh1 c5 26. Bc2 c4 27. Ba4 Red8 28. f5
e5 29. Rbd1 Qb2 30. Bxd7 Rxd7 31. Rxd5 f6 32. Qf3 Rad8 33. Rfd1 Qxb4 34. Qe4 Kf8
35. h3 Rxd6 36. Rxd6 Rxd6 37. Rxd6 Qxd6 38. Qxc4 Ke7 39. Qg8 Kd7 40. Qxg7+ Kc6
41. Qxh6 Kb5 42. h4 Kxa5 43. h5 e4 44. Qc1 Qe5 45. Qe1+ Kb6 46. Qg1+ Kc6 47. Qf1
Kd7 48. h6 e3 49. h7 e2 50. Qc1 Qxf5 51. Qd2+ Kc7 52. h8=Q Qf1+ 53. Kh2 e1=Q 54.
Qhd8+ Kc6 55. Q2d5# 1-0

[Event "Chigorin Memorial 2014"]
[Site "St Petersburg RUS"]
[Date "2014.10.22"]
[Round "5.124"]
[White "Sheynin, Izrail"]
[Black "Mamatov, Melis"]
[Result "1/2-1/2"]
[WhiteElo "2030"]
[BlackElo "2191"]
[WhiteFideId "4186230"]
[BlackFideId "13800027"]
[EventDate "2014.10.18"]

1. e4 c5 2. Nf3 b6 3. d4 cxd4 4. Nxd4 Bb7 5. Bd3 a6 6. O-O d6 7. Nc3 e6 8. Kh1
Nd7 9. Qe2 Qc7 10. f4 Be7 11. f5 e5 12. Nf3 Ngf6 13. Bg5 b5 14. a3 h6 15. Bh4
Rc8 16. Rad1 Nb6 17. Bxf6 gxf6 18. a4 b4 19. a5 bxc3 20. axb6 Qxb6 21. bxc3 Rxc3
22. Rb1 Qc7 23. Rb2 Kf8 24. Rfb1 Bc8 25. Nd2 a5 26. Ra2 Bb7 27. Rab2 Bc8 28. Ra2
Kg7 29. Rba1 Rc5 30. Nb3 Rc3 31. Rxa5 Bb7 32. Ra7 Qb6 33. Nd2 Rhc8 34. h3 Bf8
35. Nc4 Qd4 36. Ne3 R8c7 37. R7a4 Qc5 38. Ra5 Qb6 39. R5a4 Re7 40. Nc4 Qd4 41.
Na5 Qb6 42. Nc4 Qd4 1/2-1/2

[Event "Chigorin Memorial 2014"]
[Site "St Petersburg RUS"]
[Date "2014.10.22"]
[Round "5.125"]
[White "Borisovsky, Dmitry"]
[Black "Klyuev, Alexander S."]
[Result "0-1"]
[WhiteElo "1973"]
[BlackElo "2181"]
[WhiteFideId "34109410"]
[BlackFideId "4194250"]
[EventDate "2014.10.18"]

1. e4 c5 2. Nf3 d6 3. Bb5+ Bd7 4. Bxd7+ Qxd7 5. O-O Nc6 6. c3 Nf6 7. Re1 e6 8.
d4 cxd4 9. cxd4 d5 10. e5 Ne4 11. Nbd2 Nxd2 12. Bxd2 Be7 13. Rc1 O-O 14. h4 f5
15. exf6 Bxf6 16. Bc3 Qf7 17. Re3 Bxh4 18. Qe2 Bf6 19. Rxe6 Rae8 20. Re1 Rxe6
21. Qxe6 Qxe6 22. Rxe6 Kf7 23. Rd6 Rd8 24. Rxd8 Nxd8 25. Kf1 Ne6 26. g3 Kg6 27.
Ke2 Kf5 28. Ke3 h5 29. Nh2 Bg5+ 30. Kf3 Bf6 31. Ke3 Bg5+ 32. Kf3 Bh6 33. Ke2 g5
34. Kd3 Bg7 35. a4 a6 36. b3 Bf8 37. Nf1 h4 38. Ne3+ Kg6 39. Ke2 Bg7 40. gxh4
gxh4 41. Nxd5 Bxd4 42. Bd2 Nc5 43. Ne7+ Kf6 44. Nd5+ Ke6 45. Nf4+ Kf5 46. Kf3
Nxb3 47. Be1 Nc5 48. Ng2 h3 49. Nh4+ Ke6 50. Kg3 Nd3 51. Nf3 Bc5 52. Ng5+ Kd5
53. Bd2 Nxf2 0-1

[Event "Chigorin Memorial 2014"]
[Site "St Petersburg RUS"]
[Date "2014.10.22"]
[Round "5.126"]
[White "Isaev, Chingys"]
[Black "Dilmukhametov, Artur"]
[Result "1/2-1/2"]
[WhiteElo "1957"]
[BlackElo "2157"]
[WhiteFideId "13801660"]
[BlackFideId "24179922"]
[EventDate "2014.10.18"]

1. d4 d5 2. c4 c6 3. Nf3 Nf6 4. e3 a6 5. Nc3 Bf5 6. Ne5 e6 7. g4 Bg6 8. h4 dxc4
9. h5 Be4 10. f3 Bd3 11. Nxd3 cxd3 12. Bxd3 c5 13. dxc5 Bxc5 14. Ne4 Nxe4 15.
Qa4+ Nc6 16. Bxe4 Qd6 17. f4 O-O-O 18. Bxc6 bxc6 19. Qxa6+ Kc7 20. Qe2 g5 21.
Bd2 gxf4 22. exf4 Bd4 23. Rh3 Ra8 24. Rd3 Rhd8 25. Rd1 Qc5 26. Rc1 Qd5 27. Be3
Qh1+ 28. Qf1 Qe4 29. Qe2 Bxe3 30. Rxe3 Qxf4 31. Qf3 Qb4+ 32. Rec3 c5 33. a3 Qxb2
34. Qxf7+ Kb6 35. Qxe6+ Ka7 36. Qf7+ Qb7 37. Qxb7+ Kxb7 38. Rxc5 Rxa3 39. Rc7+
Kb6 40. Rxh7 Ra2 41. Rf7 Re8+ 42. Kf1 Ree2 43. Rf3 Rh2 44. Rg3 Rh1+ 45. Rg1 Rhh2 1/2-1/2

[Event "Chigorin Memorial 2014"]
[Site "St Petersburg RUS"]
[Date "2014.10.22"]
[Round "5.127"]
[White "Yakimov, S.Y."]
[Black "Terentev, Mikhail"]
[Result "0-1"]
[WhiteTitle "FM"]
[WhiteElo "2155"]
[BlackElo "1981"]
[WhiteFideId "4153286"]
[BlackFideId "24183814"]
[EventDate "2014.10.18"]

1. d4 d5 2. Nf3 c6 3. e3 Bg4 4. c4 Qb6 5. Nbd2 Nf6 6. Qc2 e6 7. Bd3 Nbd7 8. O-O
Be7 9. b3 c5 10. Bb2 cxd4 11. exd4 Bh5 12. c5 Qc7 13. b4 Bg6 14. Rfc1 Nh5 15.
Bxg6 hxg6 16. g3 g5 17. Qa4 O-O 18. Qd1 g6 19. Nb3 Kg7 20. Rc2 Rh8 21. Bc1 g4
22. Ne5 f5 23. Nxd7 Qxd7 24. Qe2 Nf6 25. Bf4 Rh3 26. Nd2 Rah8 27. Nf1 Ne4 28. b5
Bg5 29. c6 bxc6 30. bxc6 Qc8 31. Be5+ Bf6 32. Bxf6+ Kxf6 33. f4 gxf3 34. Qxf3 g5
35. Rb1 R8h7 36. Qb3 g4 37. Qb8 Qxb8 38. Rxb8 Rc7 39. a4 Ke7 40. a5 Kd6 41. Rd8+
Ke7 42. Rg8 Rh7 43. a6 Rf7 44. Ne3 Nd6 45. Rc5 Rc8 46. Rxc8 Nxc8 47. Nc2 Kd6 48.
Nb4 Rc7 49. Rb5 Ne7 50. Rb7 Nxc6 51. Nxc6 Kxc6 52. Rb4 Kd6 53. Kf2 Rc6 54. Ra4
Rc4 55. Ra2 Rxd4 56. Ke3 e5 57. Rf2 Ke6 0-1

[Event "Chigorin Memorial 2014"]
[Site "St Petersburg RUS"]
[Date "2014.10.22"]
[Round "5.128"]
[White "Kuzmin, Egor"]
[Black "Hefner, Felix"]
[Result "1-0"]
[WhiteElo "2154"]
[BlackElo "1938"]
[WhiteFideId "24101737"]
[BlackFideId "12910651"]
[EventDate "2014.10.18"]

1. c4 f5 2. d4 Nf6 3. Nf3 g6 4. g3 Bg7 5. Bg2 d6 6. O-O O-O 7. Nc3 Qe8 8. d5 a5
9. Rb1 Na6 10. b3 Nc5 11. Bb2 e5 12. dxe6 Bxe6 13. Ng5 Bd7 14. Nd5 Rc8 15. a3 b5
16. Nxf6+ Bxf6 17. Bxf6 Rxf6 18. Qd4 Qe7 19. b4 axb4 20. axb4 h6 21. bxc5 hxg5
22. c6 Be8 23. cxb5 Bf7 24. b6 cxb6 25. Rxb6 d5 26. Bxd5 Rd6 27. Bxf7+ Kxf7 28.
Qc4+ Kf8 29. Re1 Qc7 30. Rb7 1-0

[Event "Chigorin Memorial 2014"]
[Site "St Petersburg RUS"]
[Date "2014.10.22"]
[Round "5.129"]
[White "Kantyshev, Nikita"]
[Black "Kalinin, Nikita"]
[Result "0-1"]
[WhiteElo "1957"]
[BlackElo "2152"]
[WhiteFideId "4186737"]
[BlackFideId "24155390"]
[EventDate "2014.10.18"]

1. e4 e5 2. Nf3 Nc6 3. Bb5 Bc5 4. O-O Nd4 5. Nxd4 Bxd4 6. c3 Bb6 7. d4 c6 8. Ba4
d6 9. Be3 Nf6 10. Nd2 O-O 11. h3 Re8 12. Bc2 d5 13. exd5 exd4 14. cxd4 Nxd5 15.
Nc4 Nxe3 16. fxe3 Bc7 17. Qd3 g6 18. Nd2 Qh4 19. Rf3 Be6 20. Raf1 Rad8 21. Bb3
f5 22. Bxe6+ Rxe6 23. Qb3 Qe7 24. e4 f4 25. Rd3 Bb6 26. Kh1 Rxd4 27. Rxd4 Bxd4
28. Nf3 Bxb2 29. Qxb2 Rxe4 30. Rd1 c5 31. Qb3+ c4 32. Qb5 a6 33. Qa5 Kg7 34.
Qc3+ Kh6 35. Rd5 Qe6 36. Ng5 Qxd5 37. Nxe4 Qxe4 38. Qf6 Qe1+ 39. Kh2 Qg3+ 40.
Kh1 c3 41. Qf8+ Kh5 42. Qg7 h6 43. Qc7 c2 44. Qc8 Qe1+ 45. Kh2 Qe2 46. Qc5+ g5
47. Qc8 f3 0-1

[Event "Chigorin Memorial 2014"]
[Site "St Petersburg RUS"]
[Date "2014.10.22"]
[Round "5.130"]
[White "Pyatin, Alexander"]
[Black "Ivanov, Artem"]
[Result "1/2-1/2"]
[WhiteElo "2142"]
[BlackElo "1913"]
[WhiteFideId "24125920"]
[BlackFideId "34101990"]
[EventDate "2014.10.18"]

1. e4 e5 2. Nc3 Nf6 3. g3 Bc5 4. Bg2 O-O 5. Nge2 Nc6 6. O-O a6 7. d3 d6 8. h3 h6
9. Kh2 Nh7 10. g4 Qh4 11. Ng3 Nf6 12. f3 h5 13. Nf5 Bxf5 14. exf5 Nd4 15. Bd2
hxg4 16. fxg4 c6 17. Ne4 Nxe4 18. dxe4 Nb5 19. Be1 Qh6 20. a4 Nc7 21. Bd2 Qh4
22. b4 Bf2 23. Qe2 Bg3+ 24. Kg1 g5 25. Qd3 Ne8 26. Bxg5 Qxg5 27. Qxg3 Nf6 28.
Kh2 Kg7 29. Rad1 Rad8 30. Rd3 Rfe8 31. c4 d5 32. cxd5 cxd5 33. exd5 e4 34. Rd4
Rxd5 35. Rxd5 Nxd5 36. f6+ Nxf6 37. Rf5 Qd2 38. g5 Nh5 39. Qc7 Qa2 40. g6 Kxg6
41. Qc5 Qe2 42. Rg5+ Kh6 43. Qf5 Re6 44. Rg8 Rg6 45. Rxg6+ fxg6 46. Qxe4 Qd2 1/2-1/2

[Event "Chigorin Memorial 2014"]
[Site "St Petersburg RUS"]
[Date "2014.10.22"]
[Round "5.131"]
[White "Voronenkov, Sergey"]
[Black "Rudenko, Eugeny"]
[Result "1-0"]
[WhiteElo "1950"]
[BlackElo "2138"]
[WhiteFideId "24129674"]
[BlackFideId "14108356"]
[EventDate "2014.10.18"]

1. e4 c5 2. Nf3 d6 3. d4 cxd4 4. Nxd4 Nf6 5. Nc3 a6 6. Be3 e5 7. Nb3 Be6 8. f3
Be7 9. Qd2 h5 10. Nd5 Bxd5 11. exd5 Qc7 12. Be2 Nbd7 13. c4 b6 14. O-O Nc5 15.
f4 g6 16. Nxc5 exf4 17. Nxa6 Rxa6 18. Rxf4 Nd7 19. c5 Ra8 20. cxb6 Nxb6 21. Qd4 1-0

[Event "Chigorin Memorial 2014"]
[Site "St Petersburg RUS"]
[Date "2014.10.22"]
[Round "5.132"]
[White "Glazov, Anatoly"]
[Black "Khadzhiev, Valery"]
[Result "0-1"]
[WhiteElo "1887"]
[BlackElo "2134"]
[WhiteFideId "4192281"]
[BlackFideId "34154601"]
[EventDate "2014.10.18"]

1. c4 e6 2. e4 d5 3. Nc3 d4 4. Nce2 e5 5. d3 c5 6. f4 Nc6 7. Nf3 Bd6 8. f5 Nf6
9. h3 Be7 10. g4 h6 11. Ng3 Bd7 12. Qb3 Qc7 13. Bd2 O-O-O 14. Be2 Rdg8 15. O-O-O
g6 16. Rdg1 Ne8 17. h4 Nd6 18. Kb1 Kb8 19. Qd1 Ka8 20. Qc1 Bf8 21. Rg2 Bg7 22.
Rf2 Rb8 23. Ne1 b5 24. f6 Bf8 25. Nc2 Be6 26. Na3 Qb6 27. h5 Qa6 28. hxg6 fxg6
29. Bxh6 Rxh6 30. Rxh6 Bxh6 31. Qxh6 bxc4 32. Nxc4 Nxc4 33. dxc4 Bxc4 34. Bxc4
Qxc4 35. Qd2 Nb4 36. b3 Nxa2 37. f7 Qxb3+ 38. Qb2 Nc3+ 0-1

[Event "Chigorin Memorial 2014"]
[Site "St Petersburg RUS"]
[Date "2014.10.22"]
[Round "5.133"]
[White "Naumenko, Oleg"]
[Black "Tskhadadze, Anna"]
[Result "1-0"]
[WhiteElo "2133"]
[BlackElo "1860"]
[WhiteFideId "4180046"]
[BlackFideId "4165098"]
[EventDate "2014.10.18"]

1. d4 d5 2. Nf3 Nf6 3. Bf4 e6 4. e3 Bd6 5. Bg3 O-O 6. Bd3 c6 7. Nbd2 Qc7 8. Ne5
Nbd7 9. f4 c5 10. c3 c4 11. Bc2 b5 12. Bh4 Be7 13. Bxf6 Nxf6 14. Qf3 b4 15. O-O
bxc3 16. bxc3 Bb7 17. g4 Rfc8 18. g5 Nd7 19. Bxh7+ Kf8 20. Qh5 Nxe5 21. fxe5 Bd8
22. Bg6 1-0

[Event "Chigorin Memorial 2014"]
[Site "St Petersburg RUS"]
[Date "2014.10.22"]
[Round "5.134"]
[White "Galaktionov, Artem"]
[Black "Zakharov, Yuri"]
[Result "1-0"]
[WhiteElo "2131"]
[BlackElo "1830"]
[WhiteFideId "24175471"]
[BlackFideId "4166620"]
[EventDate "2014.10.18"]

1. d4 Nf6 2. Nf3 e6 3. c4 d5 4. Nc3 Be7 5. Bf4 O-O 6. e3 c6 7. c5 b6 8. b4 a5 9.
a3 bxc5 10. bxc5 Ba6 11. Bxa6 Nxa6 12. h3 Nd7 13. O-O f6 14. Bg3 e5 15. Qa4 Qc8
16. Rab1 Nab8 17. Rfc1 Qa6 18. Qb3 a4 19. Qc2 e4 20. Nd2 f5 21. Rb4 Qc8 22. Nxa4
Na6 23. Rb3 g5 24. Nb6 Nxb6 25. cxb6 Qe8 26. b7 Rd8 27. Qxc6 Qxc6 28. Rxc6 Nb8
29. Bxb8 Rxb8 30. a4 Bd8 31. Rb5 1-0

[Event "Chigorin Memorial 2014"]
[Site "St Petersburg RUS"]
[Date "2014.10.22"]
[Round "5.135"]
[White "Potapova, Margarita"]
[Black "Dobrovlyanskiy, Dmitriy"]
[Result "1-0"]
[WhiteElo "1917"]
[BlackElo "2117"]
[WhiteFideId "14126869"]
[BlackFideId "4142365"]
[EventDate "2014.10.18"]

1. d4 d5 2. c4 Nc6 3. Nf3 Bg4 4. e3 e6 5. Nc3 Bb4 6. h3 Bxf3 7. Qxf3 Nf6 8. cxd5
exd5 9. Bd3 O-O 10. O-O Re8 11. a3 Bxc3 12. bxc3 Na5 13. Qd1 c6 14. Qc2 b5 15.
f3 Qe7 16. Re1 Nc4 17. e4 Nd7 18. a4 a5 19. e5 h6 20. f4 Ndb6 21. axb5 cxb5 22.
f5 f6 23. Bf4 fxe5 24. dxe5 Qc5+ 25. Kh1 d4 26. f6 Qf8 27. Bg6 Rec8 28. f7+ Kh8
29. e6 Nd5 30. cxd4 Ra7 31. Qf5 Nxf4 32. Qxf4 b4 33. d5 b3 34. Rad1 Nd6 35. Qa4 1-0

[Event "Chigorin Memorial 2014"]
[Site "St Petersburg RUS"]
[Date "2014.10.22"]
[Round "5.136"]
[White "Petukhov, Vasily N."]
[Black "Orel, Daniil"]
[Result "1/2-1/2"]
[WhiteElo "2113"]
[BlackElo "1841"]
[WhiteFideId "4155602"]
[BlackFideId "24164895"]
[EventDate "2014.10.18"]

1. Nf3 d5 2. d4 e6 3. c4 c6 4. g3 f5 5. Bg2 Nf6 6. O-O Bd6 7. Nc3 O-O 8. Qc2 Qe7
9. Bf4 Ne4 10. Bxd6 Qxd6 11. c5 Qe7 12. Ne5 Nd7 13. Nxe4 Nxe5 14. Nd2 Nd7 15. f4
Nf6 16. b4 Bd7 17. a4 Rfc8 18. Rfb1 Be8 19. b5 b6 20. cxb6 axb6 21. bxc6 Rxc6
22. Qb3 Rac8 23. Nf3 Qc7 24. Ne5 Rc3 25. Qb4 Nd7 26. Qe7 Nxe5 27. Qxc7 R3xc7 28.
dxe5 Kf7 29. Rxb6 Rc1+ 30. Rxc1 Rxc1+ 31. Kf2 Bxa4 32. Rb7+ Kf8 33. Bf3 Be8 34.
Ke3 Rc3+ 35. Kd2 Rc4 36. Ke3 Rc3+ 37. Kf2 Rc4 38. Ra7 Bf7 39. Ra8+ Be8 40. Bh5
g6 41. Bf3 Ke7 42. Ra7+ 1/2-1/2

[Event "Chigorin Memorial 2014"]
[Site "St Petersburg RUS"]
[Date "2014.10.22"]
[Round "5.137"]
[White "Zhivotovskaya, Asya"]
[Black "Belov, Nikita"]
[Result "0-1"]
[WhiteElo "1775"]
[BlackElo "2106"]
[WhiteFideId "24166014"]
[BlackFideId "24167177"]
[EventDate "2014.10.18"]

1. c4 Nf6 2. Nc3 g6 3. e4 d6 4. g3 Bg7 5. Bg2 O-O 6. Nge2 c6 7. d3 e5 8. O-O Na6
9. h3 Nc5 10. f4 exf4 11. gxf4 Nh5 12. Be3 f5 13. e5 Ne6 14. d4 dxe5 15. dxe5 g5
16. Qxd8 Nxd8 17. fxg5 Bxe5 18. Bf3 Ng7 19. Rad1 Be6 20. Bc5 Re8 21. b3 Nf7 22.
h4 b6 23. Bf2 Rac8 24. Rfe1 Bb8 25. Nd4 Ne5 26. Bg2 Bf7 27. Nce2 Bh5 28. Rd2
Rcd8 29. Ng3 Bg4 30. Rc2 Rxd4 31. Bxd4 Nf3+ 32. Bxf3 Rxe1+ 33. Kf2 Ne6 34. Bc3
Bxg3+ 35. Kxg3 Re3 0-1

[Event "Chigorin Memorial 2014"]
[Site "St Petersburg RUS"]
[Date "2014.10.22"]
[Round "5.138"]
[White "Bratus, Petr P"]
[Black "Isaev, Vasily"]
[Result "1/2-1/2"]
[WhiteElo "2106"]
[BlackElo "1749"]
[WhiteFideId "4168682"]
[BlackFideId "34152188"]
[EventDate "2014.10.18"]

1. d4 d5 2. Nf3 e6 3. c4 c5 4. e3 Nf6 5. Nc3 a6 6. a3 dxc4 7. Bxc4 b5 8. Ba2 Bb7
9. O-O Nbd7 10. Qe2 cxd4 11. exd4 Be7 12. Re1 Nb6 13. Bg5 O-O 14. Rad1 Nfd5 15.
Bxe7 Qxe7 16. Ne4 Na4 17. Bb3 Ndb6 18. Qd2 Bd5 19. Bxd5 Nxd5 20. b3 Nab6 21. Nc5
Nd7 22. Rc1 Rfc8 23. Nxd7 Qxd7 24. Rc5 Ne7 25. Rec1 Rxc5 26. Rxc5 Rd8 27. Qa5
Qd6 28. Qc7 Qxc7 29. Rxc7 Rc8 30. Rxc8+ Nxc8 31. Kf1 f6 32. Ke2 Kf7 33. Kd3 Ke7
34. Nd2 Kd6 35. Ne4+ Kd5 36. Nc3+ Kd6 37. Ne4+ Kd5 38. Nc3+ Kd6 39. Ne4+ Kd5 1/2-1/2

[Event "Chigorin Memorial 2014"]
[Site "St Petersburg RUS"]
[Date "2014.10.22"]
[Round "5.139"]
[White "Klevets, Ksenia"]
[Black "Reshetnikov, Ruslan"]
[Result "0-1"]
[WhiteElo "1850"]
[BlackElo "2106"]
[WhiteFideId "24157937"]
[BlackFideId "34102768"]
[EventDate "2014.10.18"]

1. e4 c5 2. Nf3 d6 3. d4 cxd4 4. Nxd4 Nf6 5. f3 e5 6. Nb3 d5 7. Bg5 d4 8. c3 Nc6
9. Bb5 Be6 10. cxd4 Bxb3 11. axb3 Bb4+ 12. Bd2 Qxd4 13. Bxc6+ bxc6 14. Bxb4
Qxb4+ 15. Nc3 Qc5 16. Qe2 O-O 17. Qc4 Qe3+ 18. Qe2 Qb6 19. Ra6 Qxb3 20. Rxc6
Rfb8 21. O-O Qxb2 22. Qxb2 Rxb2 23. Ra1 h6 24. Rca6 Rc2 25. Nd5 Nxd5 26. exd5
Rd8 27. d6 Rd2 28. Rxa7 R8xd6 29. R7a6 Rxa6 30. Rxa6 f6 31. Ra7 Kh7 32. Re7 Kg6
33. Kf1 Ra2 34. h3 h5 35. Kg1 Kh6 36. Rf7 Ra6 37. h4 Ra4 38. g3 Ra2 39. Kf1 Rc2
40. Kg1 Rc3 41. Kf2 Rc2+ 42. Kg1 Kg6 43. Re7 Re2 44. Kf1 Re3 45. Kf2 Ra3 46. Kg1
Ra5 47. Kf2 f5 48. Re6+ Kf7 49. Rc6 Ra2+ 50. Kf1 Rd2 51. Rc7+ Kf6 52. Rc6+ Ke7
53. Rc7+ Rd7 54. Rc6 Kf7 55. Ke2 Re7 56. Ke3 Ra7 57. Rc5 Ke6 58. Rc6+ Kd5 59.
Rg6 Ra3+ 60. Ke2 Ra2+ 61. Kf1 Kd4 62. Rb6 Rd2 63. g4 fxg4 64. fxg4 hxg4 65. Rg6
Ke3 66. Rxg7 e4 67. h5 Rh2 68. Rxg4 Kf3 69. Rg1 Ra2 0-1

[Event "Chigorin Memorial 2014"]
[Site "St Petersburg RUS"]
[Date "2014.10.22"]
[Round "5.140"]
[White "Aseev, Vladimir"]
[Black "Borunova, Tatiana"]
[Result "1-0"]
[WhiteElo "2094"]
[BlackElo "1629"]
[WhiteFideId "24121371"]
[BlackFideId "24173665"]
[EventDate "2014.10.18"]

1. Nf3 Nf6 2. g3 d6 3. Bg2 e5 4. O-O c6 5. b3 Bf5 6. Bb2 g6 7. d3 Qd7 8. Re1 Bg7
9. e4 Bg4 10. d4 Bxf3 11. Bxf3 Qc7 12. Nd2 Nbd7 13. Nc4 O-O 14. Nxd6 Qxd6 15.
dxe5 Qxd1 16. Raxd1 Nxe5 17. Bxe5 Rfe8 18. Bd4 a6 19. Bb6 Re7 20. Bg2 Nd7 21.
Ba5 Rae8 22. Bb4 c5 23. Ba3 f5 24. f3 fxe4 25. fxe4 b5 26. Bh3 Bd4+ 27. Rxd4
cxd4 28. Bxe7 Rxe7 29. Bxd7 Rxd7 30. Rd1 b4 31. Kf2 Kf7 32. Ke2 Ke6 33. a3 a5
34. axb4 axb4 35. Ra1 Rc7 36. Kd3 Rc3+ 37. Kxd4 Rxc2 38. Ra6+ Kf7 39. Ra7+ Ke6
40. Rxh7 Rc3 41. Rg7 Kf6 42. Rb7 Rxb3 43. Rb6+ Kf7 44. Ke5 Rb2 45. Rb7+ Ke8 46.
h4 Rb3 47. Kf4 Rb1 48. Kg5 Kf8 49. Kf6 Ke8 50. g4 b3 51. Rb8+ Kd7 52. Kxg6 b2
53. Kg5 Ke7 54. h5 Kf7 55. h6 Ke6 56. h7 Rh1 57. Kg6 Rg1 58. g5 1-0

[Event "Chigorin Memorial 2014"]
[Site "St Petersburg RUS"]
[Date "2014.10.22"]
[Round "5.142"]
[White "Vorobyova, Valeriya"]
[Black "Baraeva, Marina"]
[Result "0-1"]
[BlackTitle "WIM"]
[WhiteElo "1742"]
[BlackElo "2089"]
[WhiteFideId "34130290"]
[BlackFideId "24142573"]
[EventDate "2014.10.18"]

1. e4 c5 2. Nf3 a6 3. d4 cxd4 4. Nxd4 Nf6 5. Nc3 e5 6. Nde2 Bb4 7. a3 Bc5 8. b4
Ba7 9. h3 Nc6 10. g3 d6 11. Bg2 Be6 12. O-O O-O 13. Nd5 Ne8 14. g4 Qh4 15. Ne3
g6 16. Ng3 Rc8 17. Kh2 Bd4 18. Bd2 Bxa1 19. Qxa1 Nd4 20. Rc1 Qf6 21. Bc3 Nf3+
22. Bxf3 Qxf3 23. Rf1 Nf6 24. Bb2 Nxe4 25. Qc1 Nxg3 26. fxg3 Qe4 27. Qd2 d5 28.
c3 d4 29. cxd4 Rfd8 30. Kg1 exd4 31. Nd1 Rc2 0-1